00293nam a2200121Ia 4500008004100000041000900041082001800050100001900068245003100087260003700118300000800155650000800163230718s9999 xx 000 0 und d aEng. a347.05bAFG-C aAfghani, masud 0aCivil Procedure Code, 1908 aPakistanbLahore law timesc2002 a296 aLaw